| 000 | 00840nam a2200241 a 4500 | ||
|---|---|---|---|
| 001 | BRCA_6208 | ||
| 005 | 20190320205354.0 | ||
| 008 | 260809s1955----sp-a---###---#000-0#spa-# | ||
| 041 | _aspa | ||
| 044 | _asp | ||
| 050 | 4 |
_aN3410 _b.G39 2 1955 |
|
| 100 | 1 |
_aGaya Nuño, Juan Antonio _95192 |
|
| 245 | 1 | 0 |
_aHistoria y guía de los museos de España _cJuan Antonio Gaya Nuño. |
| 260 |
_aMadrid _bEspasa-Calpe _c1955 |
||
| 300 |
_a916 p. _bil. (algunas a color) _c23 cm. |
||
| 500 | _aIncluye índice geográfico, índice de artistas, índice onomástico vario, índice de temas principales, índice de ilustraciones e índice de láminas en color | ||
| 500 | _aEjemplar igual al B307 | ||
| 500 | _aS43 | ||
| 650 | 1 | 4 |
_aMuseos de España _vHistoria _99439 |
| 650 | 1 | 4 |
_aGalerías y museos _zEspaña _97331 |
| 902 | _aGFM | ||
| 942 |
_2lcc _cB |
||
| 999 |
_c5895 _d5895 |
||